Online
Catalog
Normal view MARC view

Entry Término temático

Number of records used in: 1

001 - NÚMERO DE CONTROL

  • campo de control: 83270

003 - IDENTIFICADOR DEL NÚMERO DE CONTROL

  • campo de control: DO-SdBNP

005 - FECHA Y HORA DE LA ÚLTIMA TRANSACCIÓN

  • campo de control: 20230418084514.0

008 - DATOS DE LONGITUD FIJA

  • campo de control de longitud fija: 230418|| aca||aabn | a|a d

040 ## - FUENTE DE LA CATALOGACIÓN

  • Centro catalogador/agencia de origen: DO-SdBNP
  • Centro/agencia transcriptor: DO-SdBNP

150 ## - ENCABEZAMIENTO--TÉRMINO DE MATERIA

  • Término de materia o nombre geográfico como elemento de entrada: Libertad de información
  • Subdivisión geográfica: República Dominicana
  • Subdivisión general: Legislación

670 ## - FUENTE DE DATOS ENCONTRADOS

  • Cita de la fuente: Work cat.: (DO-SdBNP)53290: República Dominicana. (Leyes, etc.) 447, Ley general de libre acceso a la información pública No. 200-04, del 28 de julio 2004 y su reglamento No. 130-05

Powered by Koha